000 01067nam a22002297a 4500
999 _c4008
_d4008
005 20241205132642.0
008 241205b ||||| |||| 00| 0 eng d
020 _a9781529119831
040 _cKH8
082 _aFIC PAT
100 _a Patterson, James
_eAuthor
245 _aTreasure hunters : secret of the forbidden city /
_cJames Patterson
260 _aLondon,
_bPenguin Random House,
_c2015
300 _a419 pages :
_billustrations,
_c20 cm.
_e1 map ;
440 _a Treasure hunters
_v Book 3
520 _aBick and Beck Kidd are desperately trying to secure the ancient Chinese artifact that will buy their mother's freedom from renegade pirates. But when the kidnappers force them to locate an even greater treasure - priceless paintings stolen by Nazis, the Kidds must rely on their own cunning and experience to outwit the criminals, all while their mom's life is on the line
521 _a Fiction
650 _aAdventure stories
650 _aBrothers and sisters
_vFiction
700 _aNeufeld , Juliana
_eIllustrator
942 _2ddc
_cFIC